00311nam a2200097Ia 4500008004100000245007600041245001400117260000900131650002500140856004800165171204s9999 xx 000 0 und d aFinish Your Film! Tips and Tricks for Making an Animated Short in Maya: cKenny Roy c2014 xINTRODUCTION TO FILM uhttp://down.ebook777.com/060/0415661811.pdf